000 00411nam a2200181Ia 4500
001 2981
005 20260306144847.0
008 260306t2008||||xx |||||||||||||| ||spa||
041 _aESP
082 _a239
_bC69
100 _aClemente de Alejandría
_eAUT
245 0 _aEl protréptico
260 _c2008
300 _a391 páginas :
_c23 cm.
650 _aGEN
654 _aCHU
942 _cLIB
_dJUS
_fJUS
_2ddc
_n
999 _c2981
_d2981